000 00349nam a22001337a 4500
020 _qPB.
040 _cFIZZA ISHAQ
082 _a631.11330
_bRSK
100 _aKHURMI,S.R.
_9109246
245 _aA TEXT BOOK OF HYDRAULICS FLUID MECHANICS & HYDRAULIC MACHINES /
_cR.S.KHURMI.
260 _aSI UNITS ;
_c1986.
300 _a666 P. ;
942 _2ddc
_cBK
999 _c593365
_d593365